• 首页
  • 本馆介绍
  • 公告通知
  • 最新文献
  • 馆藏检索
  • 电子资源
  • 读者导购
  • 参考咨询
  • 我的图书馆
  • 登录
  • 详细信息显示
  • 放入我的书架
  • 预约/预借图书
  • 作者相关作品
  • 分类相关作品
  • 丛书相关作品
  • 出版社相关作品

书目信息

  • 表格格式
  • 工作单格式
  • 卡片格式
题名:
云物理学简编
    
 
作者: 梅森 , Mason 著 ;王鹏飞 译
分册:  
出版信息: 北京   科学出版社  1983
页数: 204页
开本: 19cm
丛书名:
单 册:
中图分类: P426.5
科图分类:
主题词: 云物理学--高等学校--基础理论
电子资源:
ISBN:
000 00923nam0 2200301 45
001 0183006772
005 20040630150822.3
010    @dCNY1.05
091    @b13031.2240
100    @a19950720d1983 em y0chiy0121 ea
101 1  @achi@ceng
102    @aCN@b110000
105    @ay z 000yy
106    @ar
200 10 @a云物理学简编@Ayun wu li xue jian bian@e云、雨和人工造雨@EYun、Yu He Ren Gong Zao Yu@f(英)梅森(B.J.Mason)@g王鹏飞译
210    @a北京@c科学出版社@d1983
215    @a204页@d19cm
300    @a书名原文:Rain and Rainmaking
510 1  @aRain and Rainmaking@zeng
517    @a云、雨和人工造雨@AYun、Yu He Ren Gong Zao Yu
606    @a云物理学@x高等学校@x基础理论
690    @aP426.5@v3
701  1 @a梅森@Amei sen@bB.J.@4著
701 A1 @aMason@bB.J.@4著
702  0 @a王鹏飞@Awang peng fei@4译
801  0 @aCN@b上海图书馆@c20040521
801  2 @aCN@bNLC@c20040521
905    @dP426.5@e3@f1@b93029
    
    云物理学简编:云、雨和人工造雨/(英)梅森(B.J.Mason)/王鹏飞译.-北京:科学出版社,1983
    204页;19cm
    书名原文:Rain and Rainmaking
    
    ISBN :CNY1.05
    
●
相关链接 在E读中查询图书 在五车中查询图书 在当当中查询图书 在豆瓣中查询图书


正题名:云物理学简编     索取号:P426.5/3         预约/预借

序号 登录号 条形码 馆藏地/架位号 状态 备注
1 0093029   001937051   第三借阅区/ [索取号:P426.5/3] 在馆    
2 0093030   000626745   第三借阅区/ [索取号:P426.5/3] 在馆    
3 0093031   000626754   第二样本阅览室/ [索取号:P426.5/3] 在馆    
唐山师范学院图书馆 欢迎您!
大连网信软件有限公司© 版权所有